[Event "TUR Cup"]
[Site "Denizli"]
[Date "2023.07.21"]
[Round "8"]
[White "Saglam, Bunyamin"]
[Black "Dogan, Hilmi"]
[Result "1-0"]
[WhiteElo "1362"]
[BlackElo "1126"]
[PlyCount "45"]
[EventDate "2023.07.16"]
[EventType "team-tourn"]
[EventRounds "9"]
[EventCountry "TUR"]
[SourceTitle "CBM 215 Extra"]
[Source "ChessBase"]
[SourceDate "2023.09.30"]
[SourceVersion "1"]
[SourceVersionDate "2023.09.30"]
[SourceQuality "1"]

1. e4 c5 2. Nf3 Nc6 3. Bb5 g6 4. Bxc6 bxc6 5. Nc3 Bg7 6. e5 Ba6 7. d3 d5 8. Rb1 e6 9. b3 Ne7 10. Bd2 c4 11. d4 cxb3 12. axb3 c5 13. dxc5 Qc7 14. Be3 Bxe5 15. Nxe5 Qxe5 16. Qd4 Qxd4 17. Bxd4 0-0 18. Ra1 Nc6 19. Bf6 Nb4 20. Kd2 Rfe8 21. Ra4 Rab8 22. f4 Bb5 23. Rxb4 1-0

[Event "TUR Cup"]
[Site "Denizli"]
[Date "2023.07.19"]
[Round "5"]
[White "Dogan, Hilmi"]
[Black "Durmaz, Ferhat"]
[Result "0-1"]
[WhiteElo "1126"]
[BlackElo "1523"]
[PlyCount "54"]
[EventDate "2023.07.16"]
[EventType "team-tourn"]
[EventRounds "9"]
[EventCountry "TUR"]
[SourceTitle "CBM 215 Extra"]
[Source "ChessBase"]
[SourceDate "2023.09.30"]
[SourceVersion "1"]
[SourceVersionDate "2023.09.30"]
[SourceQuality "1"]

1. e4 e6 2. d4 d5 3. exd5 exd5 4. Bd3 Nf6 5. Nf3 Bd6 6. Qe2+ Qe7 7. Qxe7+ Bxe7 8. 0-0 0-0 9. Bf4 c6 10. Re1 Re8 11. Nbd2 Bg4 12. h3 Bxf3 13. Nxf3 Nbd7 14. Re2 Bb4 15. Ne5 Nxe5 16. dxe5 Nd7 17. c3 Ba5 18. Bf5 Nf8 19. b4 Bc7 20. Bg3 Ne6 21. a4 b6 22. Rd1 Rad8 23. Bh4 Rd7 24. c4 g6 25. Bxe6 fxe6 26. cxd5 cxd5 27. Bf6 Bd8 0-1